Biophysics : (Record no. 587696)

000 -LEADER
fixed length control field 01646cam a22003134a 4500
001 - CONTROL NUMBER
control field 12747844
003 - CONTROL NUMBER IDENTIFIER
control field NUST
005 - DATE AND TIME OF LATEST TRANSACTION
control field 20220124120429.0
008 - FIXED-LENGTH DATA ELEMENTS--GENERAL INFORMATION
fixed length control field 020419s2002 enka b 001 0 eng
010 ## - LIBRARY OF CONGRESS CONTROL NUMBER
LC control number 2002069134
020 ## - INTERNATIONAL STANDARD BOOK NUMBER
International Standard Book Number 0471485381 (pbk. : acidfree paper)
038 ## - RECORD CONTENT LICENSOR
Staff Name Rani Shaista Kanwal
040 ## - CATALOGING SOURCE
Original cataloging agency DLC
Transcribing agency DLC
Modifying agency DLC
042 ## - AUTHENTICATION CODE
Authentication code pcc
050 00 - LIBRARY OF CONGRESS CALL NUMBER
Classification number QH505
Item number .C64 2002
082 00 - DEWEY DECIMAL CLASSIFICATION NUMBER
Classification number 571.4
Edition number 21
100 1# - MAIN ENTRY--PERSONAL NAME
Personal name Cotterill, Rodney,
Dates associated with a name 1933-
9 (RLIN) 88608
245 10 - TITLE STATEMENT
Title Biophysics :
Remainder of title an introduction /
Statement of responsibility, etc. Rodney M.J. Cotterill.
260 ## - PUBLICATION, DISTRIBUTION, ETC.
Place of publication, distribution, etc. Chichester, West Sussex ;
-- New York :
Name of publisher, distributor, etc. John Wiley,
Date of publication, distribution, etc. 2002.
300 ## - PHYSICAL DESCRIPTION
Extent xii, 395 p. :
Other physical details ill. ;
Dimensions 25 cm.
504 ## - BIBLIOGRAPHY, ETC. NOTE
Bibliography, etc. note Includes bibliographical references and indexes.
505 ## - FORMATTED CONTENTS NOTE
Formatted contents note Introduction -- Chemical Binding -- Energies, Forces and Bonds -- Rates of Reaction -- Transport Processes -- Some Techniques and Methods -- Biological Polymers -- Biological Membranes -- Biological Energy -- Movement of Organisms -- Excitable Membranes Nerve Signals -- Memory -- Control of Movement -- Appendix A: Elements of Quantum Mechanics -- Appendix B: The Hydrogen Atom -- Appendix C: Thermal Motion -- Appendix D: Probability Distributions -- Appendix E: Differential Equations
563 ## - BINDING INFORMATION
Binding note PBK
650 #0 - SUBJECT ADDED ENTRY--TOPICAL TERM
Topical term or geographic name entry element Biophysics.
9 (RLIN) 88610
856 42 - ELECTRONIC LOCATION AND ACCESS
Materials specified Publisher description
Uniform Resource Identifier <a href="http://www.loc.gov/catdir/description/wiley036/2002069134.html">http://www.loc.gov/catdir/description/wiley036/2002069134.html</a>
906 ## - LOCAL DATA ELEMENT F, LDF (RLIN)
a 7
b cbc
c orignew
d 1
e ocip
f 20
g y-gencatlg
942 ## - ADDED ENTRY ELEMENTS (KOHA)
Source of classification or shelving scheme
Koha item type Book
Holdings
Withdrawn status Lost status Source of classification or shelving scheme Damaged status Not for loan Permanent Location Current Location Date acquired Total Checkouts Full call number Barcode Date last seen Price effective from Koha item type
          Atta-ur-Rahman School of Applied Biosciences (ASAB) Atta-ur-Rahman School of Applied Biosciences (ASAB) 06/24/2019   571.4 ROD 2002 3469 ASAB3469 01/24/2022   Book
© 2023 Central Library, National University of Sciences and Technology. All Rights Reserved.